| 000 | 00742nam a2200205Ia 4500 | ||
|---|---|---|---|
| 999 |
_c39411 _d39411 |
||
| 001 | 6002 | ||
| 003 | GE_BSU | ||
| 005 | 20190530180342.0 | ||
| 008 | 181216s1985||||ge |||||||||||||| ||geo|| | ||
| 040 | _cGE_BSU | ||
| 041 | _ageo | ||
| 080 | _a811.353.1(075.4) გ-23 | ||
| 100 |
_aგაჩეჩილაძე, ო. _91861 |
||
| 245 |
_aქართული ენა : დამხმ. სახელმძღ. / _cო. გაჩეჩილაძე ; რედ : ალ. ღლონტი. |
||
| 264 |
_aთბილისი : _bთსუ, _c1985. |
||
| 300 |
_a395 გვ .: _c20 სმ. |
||
| 653 | _aქართული ენა | ||
| 700 |
_aღლონტი, ალ. _eრედაქტორი _91038 |
||
| 942 |
_cBK _2udc |
||